00996nam a22002417a 450000500170000000800410001704100080005804400070006608200170007311001260009024501400021625000330035626000260038930000110041565000310042665000290045770000250048670000260051170000240053794200170056199900150057895201610059320130722145602.0130722b1940 ck ||||| |||| 00| 0 spa d aspa ack04a632.58bC35c2 aInstituto Colombiano AgropecuariobSubgerencia técnicabDivisión de investigaciónbDepartamento de agronomía972910aCatálogo de semillas de malezas de clima frío /cInstituto Colombiano Agropecuario, Darío Vargas, Juan Cárdenas y Carlos Romero aEditor Fernando Pardo Enciso aBogotábICAc[1970] a117 p. aSemillasvcatálogos9730 aMalezasvcatoalogos97311 aVargas, Darío97321 aCárdenas, Juan97331 aRomero, Carlos9734 2ddccIMPRESO c7414d7414 00102ddc40708GENERALIINV2017aBogotabBogotad2013-07-22eInstitutog39000.00l0oLB 632.58 C35cp029793r2013-07-22 00:00:00tEj. 1w2013-07-22yLIBRO